[Event "Thessaloniki ol (Men)"]
[Site "Thessaloniki"]
[Date "1988.??.??"]
[Round "3"]
[White "Rogers, Ian"]
[Black "Lodhi, Mahmood"]
[Result "0-1"]
[WhiteElo "2540"]
[BlackElo "2400"]

1.e4 e6 2.d4 d5 3.Nc3 Bb4 4.e5 Qd7 5.a3 Bf8 6.Nf3 b6 7.Bb5 c6 8.Ba4 a5 9.Ne2 Ba6
10.c3 Ne7 11.O-O h5 12.Re1 Bxe2 13.Qxe2 b5 14.Bc2 a4 15.Bg5 Nc8 16.Nh4 Be7
17.Bxe7 Qxe7 18.g3 Nb6 19.f4 g6 20.f5 gxf5 21.Bxf5 N8d7 22.Rf1 Qg5 23.Bh3 Nc4
24.Rf4 Ke7 25.Raf1 Raf8 26.Kh1 Rh6 27.R1f2 Rh7 28.Qf1 Qh6 29.Qb1 Ra8 30.Qc1 Rah8
31.Qc2 Ra8 32.Qb1 Rg8 33.Qd3 Na5 34.Qd2 Ke8 35.Qe1 Nb7 36.Qf1 Nd8 37.Qb1 Rhg7
38.b3 Nb6 39.bxa4 Nxa4 40.Qb4 Qg5 41.c4 dxc4 42.Bg2 Qe7 43.Bxc6+ Nxc6 44.Qxb5 Qd7
45.Qxa4 Nxe5 46.Qxd7+ Nxd7 47.Rb2 Ke7 48.d5 exd5 49.Nf5+ Ke6 50.Re2+ Ne5
51.Nd4+ Kd6 52.Nb5+ Ke6 53.a4 f6 54.Nd4+ Ke7 55.Nf5+ Ke6 56.Nd4+ Ke7 57.a5 Ra8
58.Nf5+ Kf7 59.Nxg7 Kxg7 60.Ra2 Kf7 61.a6 Nc6 62.Raf2 Rxa6 63.Rxf6+ Ke7 64.Rh6 c3
65.Rff6 Ra4 66.Kg2 Nd8 67.Rf2 d4 68.Re2+ Kd7 69.Rxh5 Kd6 70.Ree5 c2 71.Rc5 c1=Q
72.Rhd5+ Ke6 73.Rxc1 Ra2+ 74.Kf3 Kxd5 75.h4 Rh2 76.Rc7 Ne6 77.Rd7+ Kc6 78.Ra7 Nc5
79.Kg4 d3 80.Ra1 Kd5 81.h5 Ne4 82.Ra5+ Kd4 83.Kf4 Rf2+ 84.Kg4 d2 85.Ra1 Rh2  0-1

[Event "Thessaloniki ol (Men)"]
[Site "Thessaloniki"]
[Date "1988.??.??"]
[Round "4"]
[White "Prasad, Devaki V"]
[Black "Qureshi, Anwar"]
[Result "1-0"]
[WhiteElo "2375"]
[BlackElo "2285"]

1.e4 e6 2.d4 d5 3.Nc3 Bb4 4.e5 Ne7 5.a3 Bxc3+ 6.bxc3 c5 7.h4 Nbc6 8.h5 h6
9.Qg4 Nf5 10.Bd3 Rg8 11.Nf3 c4 12.Bxf5 exf5 13.Qf4 Be6 14.a4 Qd7 15.Ba3 O-O-O
16.g3 Rh8 17.Nh4 Rdg8 18.Ng2 g5 19.Qf3 f4 20.gxf4 Bf5 21.Qe2 gxf4 22.f3 f6
23.Bd6 Qg7 24.Nh4 Bh7 25.e6 Qg5 26.O-O-O Qxh5 27.Ng2 Qf5 28.Nxf4 Bg6 29.Rdg1 h5
30.Qg2 Bh7 31.Qxg8+ Rxg8 32.Rxg8+ Nd8 33.Rh2 Bxg8 34.Rxh5 Qxh5 35.Nxh5 Bxe6
36.Nxf6 Nf7 37.Bf4 Kd8 38.Ng4 Bxg4 39.fxg4 Ke7 40.Kb2 Kf6 41.Ka3 Nd8 42.Kb4 Ne6
43.Bb8 Ke7 44.Bxa7 Kd6 45.Kb5 Kc7 46.Bb6+ Kd7 47.Ba5 Kc8 48.g5  1-0

[Event "Thessaloniki ol (Men)"]
[Site "Thessaloniki"]
[Date "1988.??.??"]
[Round "8"]
[White "Navarro, Roberto"]
[Black "Qureshi, Anwar"]
[Result "1-0"]
[WhiteElo "2325"]
[BlackElo "2285"]

1.e4 e6 2.d4 d5 3.Nc3 Bb4 4.e5 Ne7 5.a3 Bxc3+ 6.bxc3 c5 7.Qg4 O-O 8.Nf3 Nbc6
9.Bd3 f5 10.exf6 Rxf6 11.Bg5 Rf7 12.Qh4 g6 13.O-O c4 14.Be2 Qf8 15.Ne5 Nf5
16.Qh3 Nxe5 17.dxe5 Bd7 18.g4 Ng7 19.Qe3 Ba4 20.Qd2 Qc5 21.h4 Raf8 22.Be3 Qe7
23.Bg5 Qc5 24.Bf6 Ne8 25.g5 Rd7 26.Bg4 Nc7 27.Rad1 Bc6 28.h5 d4 29.cxd4 Qd5
30.f3 Ne8 31.Kf2 c3 32.Qxc3 Bb5 33.Rg1 Rc7 34.Qd2 Nxf6 35.gxf6 Rfc8 36.Rc1 Qa2
37.hxg6 hxg6 38.Qh6 Rh7 39.Qxg6+ Kh8 40.Rh1  1-0

[Event "FRA-ch"]
[Site "Val Thorens"]
[Date "1988.??.??"]
[Round "1"]
[White "Koch, Jean Rene"]
[Black "Kappler, Jean Marie"]
[Result "1/2-1/2"]
[WhiteElo "2420"]
[BlackElo "2260"]

1.e4 e6 2.d4 d5 3.Nc3 Bb4 4.e5 Qd7 5.Bd2 b6 6.Bb5 c6 7.Ba4 Ba6 8.Nce2 Bf8
9.Nf3 Bb5 10.Bb3 c5 11.c3 Nc6 12.O-O Bxe2 13.Qxe2 c4 14.Bc2 h6 15.h4 O-O-O
16.h5 Nge7 17.Rae1 g6 18.g3 Bg7 19.Kg2 Kb7 20.Rh1 Rdf8 21.hxg6 fxg6 22.Rh3 g5
23.Nh2 Rf7 24.Ng4 Rhf8 25.Nxh6 Rxf2+ 26.Qxf2 Rxf2+ 27.Kxf2 b5 28.Ng4 Nf5
29.Bxg5 Qf7 30.Bf4 b4 31.Rd1 Ka6 32.Ne3 Nxe3 33.Kxe3 Bf8 34.Rh7 Qg8 35.Rdh1 bxc3
36.bxc3 Ba3 37.Kf3 Qd8 38.Bd2 Qb6 39.Rb1 Qa5 40.Ke2 Be7 41.a4 Bg5 42.Be1 Qd8
43.Rg7 Be7 44.Bd2 Qh8 45.Rh7 Qg8 46.Kf3 Bg5 47.Bf4 Qf8 48.Rc7 Na5 49.Rb4 Be7
50.Rb5 Bd8 51.Rd7 Bb6 52.Rd6 Qe8 53.Rb1 Nb7 54.Rdxb6+ axb6 55.g4 Nd8 56.Rh1 Qf8
57.g5 Qa3 58.Bd2 Qf8+ 59.Ke2 Nc6 60.Rh6 Qf7 61.g6 Qf8 62.Bg5 Ne7 63.Rh7 Nxg6
64.Bxg6 Qg8 65.Rh6 Ka5 66.Be3 Kxa4 67.Bc2+ Ka5 68.Rg6 Qf7 69.Bg5 b5 70.Bd8+ Ka6
71.Bf6 Qh7 72.Kd2 Qh2+ 73.Kc1 b4 74.cxb4 Qf4+ 75.Kb1 Qxd4 76.Be7 Qxe5 77.Rg5 Qe3
78.Kb2 Kb7 79.Rh5 d4 80.Rb5+ Kc8 81.Ba4 Qe2+ 82.Ka3 Qf3+ 83.Ka2 Qe2+ 84.Ka3 Qd3+
85.Ka2 Qd2+ 86.Ka3 Qc3+ 87.Ka2 Qd2+  1/2-1/2

[Event "FRA-ch"]
[Site "Val Thorens"]
[Date "1988.??.??"]
[Round "3"]
[White "Degraeve, Jean Marc"]
[Black "Kappler, Jean Marie"]
[Result "1/2-1/2"]
[WhiteElo "2315"]
[BlackElo "2260"]

1.e4 e6 2.d4 d5 3.Nc3 Bb4 4.e5 Qd7 5.a3 Bxc3+ 6.bxc3 b6 7.Qg4 f5 8.Qg3 Nc6
9.Nh3 Bb7 10.Nf4 O-O-O 11.h4 Nh6 12.Nh5 Nf7 13.Qh3 Rdg8 14.Be2 Ne7 15.g4 Qa4
16.gxf5 Nxf5 17.Nf4 Qd7 18.Bd3 g6 19.Be3 Kb8 20.Kd2 Bc6 21.Bxf5 gxf5 22.Nh5 Rg6
23.Nf6 Rxf6 24.exf6 e5 25.f4 e4 26.Qg3 Nh6 27.Qg7 Qxg7 28.fxg7 Rg8 29.Rag1 Ng4
30.h5 Rxg7 31.h6 Rg6 32.Rh5 Bd7 33.Rgh1 Kc8 34.Rg5 Rxh6 35.Rg8+ Kb7 36.Rxh6 Nxh6
37.Rg7 Bc8 38.Rxh7 Ng4 39.c4 dxc4 40.Rh8 Nf6 41.Rd8 Be6 42.Rf8 Nd5 43.Re8 Bd7
44.Re5 Kc6 45.Rxd5 Kxd5 46.c3 Ba4 47.Bf2 a6 48.Be3 Be8 49.Bf2 a5 50.Be1 Bh5
51.Bf2 Bf3 52.Be3 Bg2 53.Ke1 Kc6 54.Kd2 Bf3 55.Kc1 Kb5 56.Kb2 Bd1 57.Kc1 Bh5
58.Kb2 Ka4 59.Bd2 e3 60.Bxe3 Kb5 61.Bf2 Kc6 62.Bh4 Kd6 63.Bf6 Kd5 64.Bd8 Kd6
65.Bf6 Kd5 66.Bd8 Kd6  1/2-1/2

[Event "FRA-ch"]
[Site "Val Thorens"]
[Date "1988.??.??"]
[Round "13"]
[White "Koch, Jean Rene"]
[Black "Adrian, Claude"]
[Result "1/2-1/2"]
[WhiteElo "2420"]
[BlackElo "2210"]

1.e4 e6 2.d4 d5 3.Nc3 Bb4 4.e5 Ne7 5.a3 Bxc3+ 6.bxc3 c5 7.Qg4 Qc7 8.Qxg7 Rg8
9.Qxh7 cxd4 10.Ne2 Nbc6 11.f4 Bd7 12.Qd3 dxc3 13.Nxc3 Na5 14.Nb5 Bxb5 15.Qxb5+ Nec6  1/2-1/2

[Event "Zuerich op"]
[Site "Zuerich"]
[Date "1988.??.??"]
[Round "1"]
[White "Keller, Rudolf"]
[Black "Brunner, Lucas"]
[Result "0-1"]
[WhiteElo "2315"]
[BlackElo "2425"]

1.d4 e6 2.Nc3 d5 3.e4 Bb4 4.e5 Ne7 5.Qg4 O-O 6.a3 Bxc3+ 7.bxc3 c5 8.Nf3 Nbc6
9.Bd3 f5 10.exf6 Rxf6 11.Qh4 h6 12.Ne5 Nxe5 13.dxe5 Rf7 14.Qg3 Kh8 15.O-O Bd7
16.Qh3 Qc7 17.Re1 c4 18.Bf1 Raf8 19.f4 Ng6 20.g3 Qb6+ 21.Be3 Qb2 22.Be2 Qxc3
23.Bh5 Ne7 24.Bxf7 Rxf7 25.Qh5 Kg8 26.Qe2 Nf5 27.Bxa7 d4 28.Red1 Bc6 29.Bc5 Nxg3
30.Qf2 Nf5 31.Rab1 Rd7 32.Bb4 Qh3 33.Bc5 Qg4+ 34.Kf1 Ne3+ 35.Ke1 Nxd1 36.Rxd1 d3
37.cxd3 cxd3 38.Be3 Qf5 39.Rd2 Qe4 40.Qg3 Qh1+ 41.Qg1 Qe4 42.Qg3 Bd5 43.Rb2 Rc7
44.Kd2 Qc4 45.Ke1 Qc3+ 46.Rd2 Qxa3 47.f5 Rc1+ 48.Kf2 Qa1  0-1

[Event "Zuerich op"]
[Site "Zuerich"]
[Date "1988.??.??"]
[Round "2"]
[White "Hugentobler, Patrick"]
[Black "Schienmann, Bruno"]
[Result "0-1"]
[WhiteElo "2160"]
[BlackElo "2250"]

1.e4 e6 2.d4 d5 3.Nc3 Bb4 4.e5 Ne7 5.a3 Bxc3+ 6.bxc3 c5 7.Nf3 Qa5 8.Bd2 Nbc6
9.a4 Bd7 10.Be2 f6 11.exf6 gxf6 12.c4 Qc7 13.cxd5 Nxd5 14.c4 Nf4 15.Bxf4 Qxf4
16.dxc5 O-O-O 17.O-O e5 18.Qd2 Nd4 19.Ra2 Nxe2+ 20.Qxe2 Bc6 21.Nd2 Rhg8 22.f3 Rg6
23.Ne4 Rdg8 24.Qd3 h5 25.Nd6+ Kb8 26.Nb5 f5 27.Rd2 Qg5 28.Rfd1 Rc8 29.Nd6 e4
30.fxe4 fxe4 31.Nxe4 Qf5 32.Ng3 Qxd3 33.Rxd3 h4 34.Nh5 Rxg2+ 35.Kf1 Rg5 36.Nf4 Rf5
37.Rd4 Re8 38.Kf2 Bxa4 39.Rg1 Bc6 40.Rg4 Rh8 41.Ke3 Rxc5 42.Nd5 a5 43.Rxh4 Rxh4
44.Rxh4 Bxd5 45.cxd5 Rxd5 46.Ra4 Ka7 47.h4 Ka6 48.Rg4 Rd1 49.h5 Rh1 50.Rg5 a4
51.Kd2 Rh3 52.Kc2 b5 53.Kb2 Ka5 54.Ka2 a3  0-1

[Event "Nordic-tt"]
[Site "Aabybro"]
[Date "1989.??.??"]
[Round "?"]
[White "Djurhuus, Rune"]
[Black "Sjodahl, Pontus"]
[Result "1/2-1/2"]
[WhiteElo "2415"]
[BlackElo "2240"]

1.e4 e6 2.d4 d5 3.Nc3 Bb4 4.e5 Ne7 5.a3 Bxc3+ 6.bxc3 c5 7.Nf3 Bd7 8.a4 Qa5
9.Bd2 Nbc6 10.Bb5 f6 11.c4 Qc7 12.cxd5 Nxd5 13.c4 Nde7 14.exf6 gxf6 15.Bc3 cxd4
16.Nxd4 Nxd4 17.Qxd4 e5 18.Qh4 O-O 19.O-O Ng6 20.Qe4 Rf7 21.Rfd1 Be6 22.c5 Rd8
23.c6 bxc6 24.Rxd8+ Qxd8 25.Qxc6 Nf4 26.g3 Nh3+ 27.Kf1 Qd5 28.Qxd5 Bxd5 29.Rd1 Bb3
30.Rd3 Ba2 31.Bd2 Ng5 32.Be3 Kg7 33.Rd6 Ne6 34.Ra6 Nc7 35.Rc6 Nxb5 36.axb5 Rb7
37.Rc5 Rxb5 38.Rxb5 Bc4+ 39.Ke1 Bxb5 40.Bxa7 Kg6 41.Kd2 Kf5 42.f3  1/2-1/2

[Event "Nordic-tt"]
[Site "Aabybro"]
[Date "1989.??.??"]
[Round "?"]
[White "Stefansson, Hannes"]
[Black "Sjodahl, Pontus"]
[Result "1/2-1/2"]
[WhiteElo "2470"]
[BlackElo "2240"]

1.e4 e6 2.d4 d5 3.Nc3 Bb4 4.e5 Ne7 5.a3 Bxc3+ 6.bxc3 c5 7.a4 Nbc6 8.Nf3 Qa5
9.Bd2 Bd7 10.Bb5 f6 11.exf6 gxf6 12.c4 Qc7 13.cxd5 Nxd5 14.c4 Nde7 15.d5 exd5
16.cxd5 Nxd5 17.Qc2 O-O-O 18.Qxc5 Rhe8+ 19.Kf1 Ne5 20.Qa3 Nc4 21.Bxc4 Qxc4+
22.Kg1 Nf4 23.Bxf4 Qxf4 24.g3 Qe4 25.Kg2 Bc6 26.Rhe1 Qf5 27.a5 a6 28.Rxe8 Rxe8
29.Rd1 Rd8 30.Re1 Rd3 31.Qf8+ Rd8 32.Qa3 h5 33.h4 Rd3 34.Qf8+ Rd8 35.Qa3 Kb8
36.Re3 Rd1 37.Rc3 Qb5 38.Kh2 Ka7 39.Qe7 f5 40.g4 Rh1+ 41.Kg3 f4+ 42.Kxf4 Bxf3
43.Rxf3 Qa4+ 44.Qe4 Rxh4 45.Qxa4 Rxg4+ 46.Ke3 Rxa4 47.Rf5 h4 48.f4 Kb8 49.Kf3 h3
50.Kg4 h2 51.Rh5 Rxa5 52.Rxh2 Kc7 53.f5 Ra1 54.Rf2 Kd7 55.f6 Ke8 56.Re2+ Kf8
57.Re7 b5 58.Rb7 Rb1 59.Kf5 b4 60.Rb8+ Kf7 61.Rb7+ Kf8 62.Rb8+ Kf7 63.Rb7+ Ke8
64.f7+ Kf8 65.Kf6 Rf1+ 66.Ke6  1/2-1/2

[Event "Nordic-tt"]
[Site "Aabybro"]
[Date "1989.??.??"]
[Round "?"]
[White "Rantanen, Yrjo A"]
[Black "Hertneck, Gerald"]
[Result "0-1"]
[WhiteElo "2380"]
[BlackElo "2475"]

1.e4 e6 2.d4 d5 3.Nc3 Bb4 4.e5 Ne7 5.a3 Bxc3+ 6.bxc3 c5 7.h4 Nbc6 8.a4 Bd7
9.h5 h6 10.Qg4 cxd4 11.Qxg7 Rg8 12.Qf6 Qa5 13.Rh3 dxc3 14.Bxh6 Nb4 15.Bd3 d4
16.Rf3 Bc6 17.Bg5 O-O-O 18.Qxe7 Qxe5+ 19.Kf1 Qxg5 20.Qxb4 Qxg2+ 21.Ke2 Rg5
22.Rf1 Re5+ 23.Kd1 Qg5  0-1

[Event "Aarhus op"]
[Site "Aarhus"]
[Date "1989.??.??"]
[Round "1"]
[White "Hoiberg, Nina"]
[Black "Olesen, Martin"]
[Result "0-1"]
[WhiteElo "2200"]
[BlackElo "2230"]

1.e4 e6 2.d4 d5 3.Nc3 Bb4 4.e5 b6 5.Bd2 Qd7 6.Qg4 Bf8 7.Bb5 c6 8.Ba4 Ne7
9.Nce2 Ba6 10.Nf4 Nf5 11.c3 Bb5 12.Bc2 c5 13.Nh5 Nc6 14.a4 Bc4 15.b3 Ba6
16.Bxf5 exf5 17.Nxg7+ Bxg7 18.Qxg7 O-O-O 19.Nf3 Rhg8 20.Qxh7 Rxg2 21.Nh4 Rgg8
22.Nxf5 Kb8 23.Nh6 cxd4 24.O-O-O Qe7 25.Kb2 Rh8 26.Qg7 dxc3+ 27.Bxc3 d4 28.Bd2 Rhf8
29.f4 Nb4 30.Nf5 Qc5 31.Bxb4 Qxb4 32.Qg3 Rg8 33.Qf2 Bc4 34.Nxd4 Rxd4 35.Rxd4 Qxb3+
36.Kc1 Qc3+ 37.Kb1 Bd3+ 38.Rxd3 Qxd3+ 39.Qc2 Qxc2+  0-1

[Event "EU-ch U20"]
[Site "Arnhem"]
[Date "1989.??.??"]
[Round "?"]
[White "Stefansson, Hannes"]
[Black "Topalov, Veselin"]
[Result "1/2-1/2"]
[WhiteElo "2470"]
[BlackElo "2460"]

1.e4 e6 2.d4 d5 3.Nc3 Bb4 4.e5 Qd7 5.Bd2 b6 6.Bb5 c6 7.Ba4 a5 8.a3 Bxc3 9.Bxc3 Ba6
10.Qg4 f5 11.Qg3 Qf7 12.Bd2 Ne7 13.Nh3 h6 14.c3 Bc4 15.Bd1 a4 16.Nf4 g6 17.h4 Nd7
18.Nd3 Kd8 19.Bc2 Kc7 20.O-O-O Bb3 21.Bxb3 axb3 22.Kb1 c5 23.dxc5 bxc5 24.c4 dxc4
25.Nf4 Rhd8 26.Bc3 Nc6 27.Rd6 Nf8 28.Qe3 Rxd6 29.exd6+ Kb6 30.Re1 e5 31.Bxe5 g5
32.hxg5 hxg5 33.Nh3 Qg6 34.f4 g4 35.Nf2 Re8 36.Qc3 Qf7 37.Nd1 Nd7 38.Ne3 Ncxe5
39.fxe5 Rxe5 40.Rd1 Re4 41.Nd5+ Ka6 42.Nc7+ Kb6 43.Qh8 Qf8 44.Nd5+ Kc6 45.Ne7+ Kb5
46.Qh7 c3 47.bxc3 Re2 48.Nxf5 Nb6 49.Nd4+ cxd4 50.Qd3+ Nc4 51.a4+ Ka5 52.Qxe2 Qf5+
53.Ka1 b2+ 54.Ka2 Qc5 55.d7 Qa3+ 56.Kb1 Qa1+ 57.Kc2 Qxa4+ 58.Kd3 Qxd7 59.cxd4 Qb5
60.Qe1+ Ka4 61.Ke4 Nd6+ 62.Ke3 Qg5+ 63.Kf2 g3+ 64.Kf3 Qf5+ 65.Kxg3 Ne4+ 66.Kh2 Qh5+
67.Kg1 Nc3 68.Ra1+ bxa1=Q 69.Qxa1+ Kb3 70.Qe1 Kc2 71.Qf2+ Kd1 72.Qf3+ Ne2+
73.Kf2 Qh4+ 74.g3 Qxd4+ 75.Qe3 Qc4 76.Qe5 Nd4 77.Qe1+ Kc2 78.Qe4+  1/2-1/2

[Event "FRG-ch"]
[Site "Bad Neuenahr"]
[Date "1989.??.??"]
[Round "?"]
[White "Mainka, Romuald"]
[Black "Maier, Christian"]
[Result "1/2-1/2"]
[WhiteElo "2410"]
[BlackElo "2325"]

1.e4 e6 2.d4 d5 3.Nc3 Bb4 4.e5 Ne7 5.Qg4 c5 6.dxc5 Nbc6 7.Nf3 d4 8.Bb5 Qa5
9.Bxc6+ bxc6 10.Qxd4 Nf5 11.Qe4 Bxc3+ 12.bxc3 Qxc3+ 13.Nd2 O-O 14.Rb1 Ba6
15.g4 Nh4 16.Rb3 Qa1 17.Kd1 Rad8 18.Rb2 Rb8 19.Rxb8 Rxb8 20.Qxc6 Qxa2 21.Qd6 Rc8
22.Re1 h5 23.Re3 Qa4 24.Re4 Qa5 25.Nb3 Qb5 26.Nd4 Qf1+ 27.Re1 Qc4 28.Be3 hxg4
29.c6 Nf3 30.Nxf3 gxf3 31.Rg1 g6 32.Bc5 Qf4 33.Be3 Qc4 34.Bc5 Qa2 35.c7 Be2+
36.Kc1 Qa1+ 37.Kd2 Qa5+ 38.Bb4 Qxc7 39.Qxc7 Rxc7 40.Bd6 Rc6 41.Rb1 Rb6  1/2-1/2

[Event "FRG-ch"]
[Site "Bad Neuenahr"]
[Date "1989.??.??"]
[Round "?"]
[White "Ott, Frank"]
[Black "Maier, Christian"]
[Result "1/2-1/2"]
[WhiteElo "2305"]
[BlackElo "2325"]

1.e4 e6 2.d4 d5 3.Nc3 Bb4 4.e5 Ne7 5.a3 Bxc3+ 6.bxc3 c5 7.Qg4 Qc7 8.Qxg7 Rg8
9.Qxh7 cxd4 10.Ne2 Nbc6 11.f4 Bd7 12.Qd3 dxc3 13.Nxc3 a6 14.Rb1 Na5 15.h4 Nf5
16.Rh3 Nc4 17.h5 O-O-O 18.Rb4 Kb8 19.h6 Rg6 20.h7 Rh8 21.Qf3 a5 22.Rb1 Bc6
23.g4 d4 24.gxf5 Bxf3 25.fxg6 fxg6 26.Rxf3 Ne3 27.Ba6 Qxc3+ 28.Bd2 Qxc2 29.Rxb7+ Ka8
30.Rxe3 dxe3 31.Bxe3 Qe4 32.Ra7+ Kb8 33.Kf2 Qxe3+ 34.Kxe3 Kxa7 35.Bc4 Rxh7
36.Bxe6 Kb6 37.a4 Kc5 38.Bg4 Rb7 39.Bd1 Rb2 40.Ke4 Rb4+ 41.Kf3 Rc4 42.Ke3 Rc1
43.Kd2 Ra1 44.Bc2 Rg1 45.Ke3 g5 46.fxg5 Rxg5 47.Kf4 Rg1 48.Kf5 Re1 49.Kf6 Re3
50.Bg6 Re2 51.Bf7  1/2-1/2

[Event "Bayamo"]
[Site "Bayamo"]
[Date "1989.??.??"]
[Round "10"]
[White "Rodriguez, Amador"]
[Black "Matamoros Franco, Carlos S"]
[Result "1-0"]
[WhiteElo "2515"]
[BlackElo "2440"]

1.e4 e6 2.d4 d5 3.Nc3 Bb4 4.e5 Ne7 5.a3 Bxc3+ 6.bxc3 c5 7.Qg4 Qc7 8.Bd3 cxd4
9.Ne2 dxc3 10.Qxg7 Rg8 11.Qxh7 Qxe5 12.Bf4 Qf6 13.h4 Nd7 14.Bg5 Qh8 15.Qxh8 Rxh8
16.Nxc3 a6 17.O-O-O f6 18.Be3 e5 19.Nxd5  1-0

[Event "Belgrade op"]
[Site "Belgrade"]
[Date "1989.??.??"]
[Round "1"]
[White "Kosanovic, Goran A"]
[Black "Paulic, Branko"]
[Result "0-1"]
[WhiteElo "2410"]
[BlackElo "2255"]

1.e4 e6 2.d4 d5 3.Nc3 Bb4 4.e5 Ne7 5.a3 Bxc3+ 6.bxc3 c5 7.Qg4 Qc7 8.Bd3 c4
9.Be2 Nf5 10.Qh3 Nc6 11.Nf3 Bd7 12.O-O O-O-O 13.a4 f6 14.g4 Nfe7 15.Ba3 Ng6
16.Qg3 fxe5 17.Ng5 Nf4 18.Rfe1 exd4 19.Bxc4 dxc4 20.Nf7 Be8 21.Nxd8 Nxd8
22.cxd4 Bc6 23.a5 h5 24.g5 h4 25.Qg4 Rh5 26.Be7 Qxe7 27.Qxf4 Rxg5+ 28.Kf1 Bg2+
29.Ke2 Rf5 30.Qe3 Rf3 31.Qe5 Nc6 32.Qc5 Qxc5 33.dxc5 Nd4+  0-1

[Event "Benidorm op"]
[Site "Benidorm"]
[Date "1989.??.??"]
[Round "?"]
[White "Rivera, Daniel"]
[Black "Timmer, Robert"]
[Result "1/2-1/2"]
[WhiteElo "2350"]
[BlackElo "2270"]

1.e4 e6 2.d4 d5 3.Nc3 Bb4 4.e5 Ne7 5.a3 Bxc3+ 6.bxc3 c5 7.h4 Qc7 8.h5 h6
9.Nf3 Nbc6 10.Be2 Bd7 11.Kf1 c4 12.a4 O-O-O 13.Ba3 f6 14.a5 Rde8 15.Bd6 Qd8
16.Nh4 Rhf8 17.Rh3 Rf7 18.Kg1 Nxa5 19.Qb1 Nec6 20.Ng6 Rg8 21.Rg3 Be8 22.Bg4 f5
23.Bf3 b6 24.Nf4 Bd7 25.Rg6 Re8 26.Qb5 Nb8 27.Qb2 Nbc6 28.Qb5 Nb8 29.Qb2 Nbc6
30.Ra3 Nb7 31.Bb4 a5 32.Bd6 Nxd6 33.exd6 Kb7 34.Ra1 Bc8 35.g3 Ka7 36.Rb1 Rb7
37.Re1 Qxd6 38.Nxd5 Ne7 39.Nxe7 Rbxe7 40.Re5 Rf8 41.Bd5 Rf6  1/2-1/2

[Event "Biel op"]
[Site "Biel"]
[Date "1989.??.??"]
[Round "4"]
[White "Cid, Marino Alejandro"]
[Black "Gdanski, Jacek"]
[Result "1-0"]
[WhiteElo "2285"]
[BlackElo "2405"]

1.e4 e6 2.d4 d5 3.Nc3 Bb4 4.e5 Ne7 5.Qg4 c5 6.a3 Qa5 7.Bd2 cxd4 8.Bb5+ Kf8
9.axb4 Qxa1+ 10.Nd1 Bd7 11.Bd3 Qa4 12.b3 Qc6 13.Nf3 Qb6 14.O-O Bb5 15.Bxb5 Qxb5
16.Nxd4 Qd7 17.b5 Kg8 18.Ne3 h5 19.Qg5 Qd8 20.Ndf5 exf5 21.Nxf5 Rh7 22.Nxe7+ Kf8
23.Bb4 Ke8 24.Rd1 d4 25.e6 g6 26.exf7+ Rxf7 27.Qxg6 Qb6 28.Nc6 Nxc6 29.Qg8+  1-0

[Event "Noviki-B"]
[Site "Budapest"]
[Date "1989.??.??"]
[Round "?"]
[White "Schmittdiel, Eckhard"]
[Black "Portisch, Ferenc"]
[Result "1-0"]
[WhiteElo "2425"]
[BlackElo "2410"]

1.e4 e6 2.d4 d5 3.Nc3 Bb4 4.e5 Ne7 5.a3 Bxc3+ 6.bxc3 c5 7.a4 Nbc6 8.Nf3 Qa5
9.Qd2 b6 10.Ba3 Ba6 11.Bxa6 Qxa6 12.dxc5 O-O 13.Qd3 Qxa4 14.O-O Ng6 15.cxb6 axb6
16.Bxf8 Qxa1 17.Bd6 Qb2 18.h4 Ra4 19.Ng5 h6 20.Nxe6 Rxh4 21.f4 Rg4 22.Qh3 Rh4
23.Qg3 fxe6 24.Qxg6 Qxc3 25.Qxe6+ Kh8 26.Qc8+ Kh7 27.Qf5+ Kg8 28.Qd3 Qxd3
29.cxd3 Nd4 30.f5 Rf4 31.Rxf4 Ne2+ 32.Kf2 Nxf4 33.g3 Nxd3+ 34.Ke3 Nb2 35.Kd4 Kf7
36.e6+ Ke8 37.Kxd5 Na4 38.Be5 Kf8 39.Bd4 b5 40.Kc6  1-0

[Event "Noviki-B"]
[Site "Budapest"]
[Date "1989.??.??"]
[Round "?"]
[White "Schmittdiel, Eckhard"]
[Black "Szilagyi, Peter"]
[Result "1-0"]
[WhiteElo "2425"]
[BlackElo "2390"]

1.e4 e6 2.d4 d5 3.Nc3 Bb4 4.e5 b6 5.Qg4 Bf8 6.Bg5 Ne7 7.Nf3 h6 8.Bxe7 Kxe7
9.h4 a6 10.Ne2 Qd7 11.Nf4 Nc6 12.O-O-O Kd8 13.Nh5 Ne7 14.Qf4 Ng6 15.Qe3 Qa4
16.Kb1 Bd7 17.Bd3 Be8 18.Bxg6 fxg6 19.Nf4 Qd7 20.c4 Qf7 21.cxd5 exd5 22.Rc1 c6
23.g4 Ra7 24.e6 Qf6 25.Qe5 Rb7 26.g5 Qxe5 27.Nxe5 Bd6 28.Nfxg6 Bxe5 29.Nxe5 Rf8
30.Rhg1 h5 31.g6 Rf4 32.Rg5 Ke7 33.Nxc6+ Bxc6 34.Rxc6 Rxd4 35.Rxh5 Kf6 36.Rh7 Re7
37.h5 Re4 38.Rxb6 R4xe6 39.Rxe6+ Rxe6 40.Rh8  1-0

[Event "Perenyi mem-B"]
[Site "Budapest"]
[Date "1989.??.??"]
[Round "?"]
[White "Anka, Emil"]
[Black "Varga, Zoltan"]
[Result "1-0"]
[WhiteElo "2400"]
[BlackElo "2425"]

1.e4 e6 2.d4 d5 3.Nc3 Bb4 4.e5 b6 5.Qg4 Bf8 6.Bb5+ c6 7.Ba4 Ne7 8.Nh3 h5
9.Qd1 Nf5 10.Ne2 Be7 11.Ng3 Nxg3 12.hxg3 Ba6 13.g4 hxg4 14.Qxg4 Rh4 15.Qxg7 Bf8
16.Qg8 Rxd4 17.Ng5 Qe7 18.Rh7 Nd7 19.Rxf7 Qb4+ 20.c3 Re4+ 21.Be3 Rxe3+ 22.fxe3 Qh4+
23.Kd2 O-O-O 24.Nxe6 Nxe5 25.Rd1 d4 26.Rxf8 dxc3+ 27.Kc1 cxb2+ 28.Kb1 Bd3+
29.Rxd3  1-0

[Event "Noviki-B"]
[Site "Budapest"]
[Date "1989.??.??"]
[Round "?"]
[White "Spiriev, Peter"]
[Black "Portisch, Ferenc"]
[Result "1/2-1/2"]
[WhiteElo "2205"]
[BlackElo "2410"]

1.e4 e6 2.d4 d5 3.Nc3 Bb4 4.e5 Ne7 5.Bd2 b6 6.Nf3 Ba6 7.Ne2 Bxd2+ 8.Qxd2 Qd7
9.h4 c5 10.c3 Nbc6 11.Nf4 Bxf1 12.Kxf1 a5 13.a4 cxd4 14.cxd4 Nb4 15.Nh5 Rg8
16.Rh3 O-O-O 17.Ng5 Nf5 18.g4 Nh6 19.Rc3+ Kb7 20.Qf4 Qe7 21.Rac1 Rd7 22.Rh3 Na2
23.Rc2  1/2-1/2

[Event "Spring op"]
[Site "Budapest"]
[Date "1989.??.??"]
[Round "?"]
[White "Gosic, Bogdan"]
[Black "Paehtz, Thomas Sr"]
[Result "0-1"]
[WhiteElo "2290"]
[BlackElo "2450"]

1.e4 e6 2.d4 d5 3.Nc3 Bb4 4.e5 Ne7 5.a3 Bxc3+ 6.bxc3 c5 7.Nf3 Qa5 8.Qd2 Nbc6
9.Rb1 cxd4 10.cxd4 Qxd2+ 11.Bxd2 b6 12.Bd3 f6 13.exf6 gxf6 14.O-O Kf7 15.Rfe1 h5
16.h4 Nf5 17.Bc3 Bd7 18.a4 Nd6 19.Nd2 Rab8 20.a5 Nxa5 21.Bxa5 bxa5 22.Nb3 Bb5
23.Nxa5 Bxd3 24.cxd3 Rxb1 25.Rxb1 Rc8 26.Nb7 Nf5 27.Rb4 Kg6 28.Ra4 Nxh4 29.Ra6 Re8
30.Nc5 Kf5 31.Rxa7 Rg8 32.g3 Nf3+ 33.Kg2 Nxd4 34.Rh7 Rc8 35.Nd7 Kg6 36.Re7 e5
37.Nb6 Rd8 38.f4 exf4 39.gxf4 Nf5 40.Rc7 d4 41.Kf3 Ne3 42.Nd7 h4 43.Nc5 h3
44.Ne6 h2 45.Rc1 Rh8 46.Rh1 Rh3+ 47.Ke2 Nf5 48.Kf2 Re3 49.Nc5 Re2+ 50.Kf3 Ra2  0-1

[Event "Caorle op"]
[Site "Caorle"]
[Date "1989.??.??"]
[Round "3"]
[White "Riemersma, Liafbern"]
[Black "Cassai, Paolo"]
[Result "1-0"]
[WhiteElo "2380"]
[BlackElo "2115"]

1.e4 e6 2.d4 d5 3.Nc3 Bb4 4.e5 Qd7 5.a3 Bf8 6.Nf3 b6 7.Bb5 c6 8.Ba4 a5 9.Ne2 Ba6
10.c3 Ne7 11.O-O h5 12.Re1 Bxe2 13.Qxe2 b5 14.Bc2 a4 15.Bg5 Nc8 16.Nh4 Be7
17.f4 g6 18.Bf6 Rg8 19.f5 exf5 20.Nxf5 Kd8 21.Nxe7 Nxe7 22.e6 fxe6 23.Qxe6  1-0

[Event "Cattolica op"]
[Site "Cattolica"]
[Date "1989.??.??"]
[Round "?"]
[White "Holzhaeuer, Mathias"]
[Black "Raicevic, Vladimir"]
[Result "0-1"]
[WhiteElo "2315"]
[BlackElo "2480"]

1.e4 e6 2.d4 d5 3.Nc3 Bb4 4.e5 Qd7 5.Bd2 b6 6.Bb5 c6 7.Ba4 a5 8.a3 Bf8 9.Nce2 Ba6
10.c3 Bb5 11.Bc2 c5 12.f4 Nc6 13.Nf3 h5 14.O-O Nh6 15.Be1 Be7 16.g3 a4 17.Kg2 Na5
18.Bf2 Nc4 19.Qc1 Nxa3 20.Bd1 Nc4 21.b3 Na5 22.bxa4 Bd3 23.Re1 c4 24.Qb2 O-O
25.Nd2 Rfb8 26.Nc1 Bg6 27.Na2 Nc6 28.h3 Ra5 29.Nb4 Rba8 30.g4 hxg4 31.hxg4 b5
32.Nxc6 Qxc6 33.axb5 Qb6 34.Bf3 Ba3 35.Rxa3 Rxa3 36.Qb4 Bd3 37.Qc5 Qd8 38.Rc1 Ra2
39.Be3 Rb2 40.Kg3 Raa2 41.Rd1 Ra5 42.Rh1 Rbxb5 43.Qd6 Qxd6 44.exd6 f5 45.d7 Rb8
46.g5 Nf7 47.Bh5 Nd6 48.Nf3 Be4 49.Ne5 Bxh1 50.Nc6 Raa8  0-1

[Event "Cheliabinsk"]
[Site "Cheliabinsk"]
[Date "1989.??.??"]
[Round "?"]
[White "Micic, Cedomir"]
[Black "Timoshenko, Georgy"]
[Result "0-1"]
[WhiteElo "2305"]
[BlackElo "2530"]

1.e4 e6 2.d4 d5 3.Nc3 Bb4 4.e5 Ne7 5.a3 Bxc3+ 6.bxc3 b6 7.h4 Ba6 8.Bxa6 Nxa6
9.h5 h6 10.Rh4 c5 11.Nh3 Qc7 12.Bd2 cxd4 13.cxd4 Qc4 14.Rf4 Rc8 15.Rc1 Nf5
16.c3 Nb8 17.Qf3 Rf8 18.g4 Ne7 19.g5 Nd7 20.Rg4 Nf5 21.Nf4 Rc6 22.gxh6 gxh6
23.Ne2 f6 24.exf6 Nxf6 25.Rg6 Ne4 26.Qf4 Ne7 27.Qxh6 Rxf2 28.Qe3 Nxg6 29.hxg6 Rg2
30.Qf3 Qxe2+ 31.Qxe2 Rg1+  0-1

[Event "Chianciano tt"]
[Site "Chianciano"]
[Date "1989.??.??"]
[Round "?"]
[White "Vukovic, Zdravko"]
[Black "Mariotti, Sergio"]
[Result "1/2-1/2"]
[WhiteElo "2400"]
[BlackElo "2445"]

1.e4 e6 2.d4 d5 3.Nc3 Bb4 4.e5 Qd7 5.a3 Bxc3+ 6.bxc3 b6 7.a4 Ba6 8.Bxa6 Nxa6
9.Qg4 f5 10.Qh5+ g6 11.Qe2 Nb8 12.h4 h6 13.Nh3 Nc6 14.Nf4 Nge7 15.Ba3 Rg8
16.Bb4 a5 17.Ba3 Nd8 18.Bxe7 Kxe7 19.g4 Qc6 20.Kd2 Nf7 21.gxf5 gxf5 22.Rhg1 Qc4
23.Qxc4 dxc4 24.Ng6+ Kd7 25.Rg2 Ng5 26.hxg5 Rxg6 27.Rag1 Rag8 28.f4 Ke7 29.Ke3 Kf7
30.Kf3 hxg5 31.Rxg5 Rxg5 32.fxg5 c6 33.Kf4 Kg7 34.Rh1 Rh8 35.Rb1 Rb8 36.Rh1 Rh8
37.Rb1 Rb8 38.Rh1 Rh8  1/2-1/2

[Event "US op"]
[Site "Chicago"]
[Date "1989.??.??"]
[Round "7"]
[White "Byrne, Robert E"]
[Black "Readey, John"]
[Result "1-0"]
[WhiteElo "2465"]
[BlackElo "2285"]

1.e4 e6 2.d4 d5 3.Nc3 Bb4 4.e5 Qd7 5.Qg4 f5 6.Qg3 b6 7.Bd2 Bf8 8.Bb5 Nc6
9.Nce2 Nge7 10.Nf3 a6 11.Bd3 Nd8 12.Nf4 g6 13.h4 Rg8 14.O-O-O h6 15.Qh3 a5
16.g4 Ba6 17.Bxa6 Rxa6 18.Rhg1 b5 19.Rg3 fxg4 20.Rxg4 h5 21.Rg3 Bh6 22.Nd3 Bxd2+
23.Rxd2 Nb7 24.Rg1 Rf8 25.Nc5 Nxc5 26.dxc5 Rc6 27.Nd4 Rxc5 28.Qxe6 Qxe6 29.Nxe6 Rc4
30.b3 Re4 31.Nxc7+ Kd7 32.Nxd5 Rxe5 33.Nf6+ Ke6 34.Nd7 Rxf2 35.Nxe5 Rxd2
36.Nxg6  1-0

[Event "COL-ch"]
[Site "COL"]
[Date "1989.??.??"]
[Round "?"]
[White "Alzate, Dario"]
[Black "Agudelo, Antonio"]
[Result "1-0"]
[WhiteElo "2380"]
[BlackElo "2335"]

1.e4 e6 2.d4 d5 3.Nc3 Bb4 4.e5 Qd7 5.a3 Bf8 6.Nh3 b6 7.Bb5 c6 8.Ba4 Ba6 9.Ne2 Bb5
10.Bxb5 cxb5 11.O-O Nc6 12.c3 a5 13.Qd3 a4 14.Nef4 Na7 15.Rb1  1-0